• 首页
  • 本馆介绍
  • 公告通知
  • 最新文献
  • 馆藏检索
  • 电子资源
  • 读者导购
  • 参考咨询
  • 我的图书馆
  • 登录
  • 详细信息显示
  • 放入我的书架
  • 预约/预借图书
  • 作者相关作品
  • 分类相关作品
  • 丛书相关作品
  • 出版社相关作品

书目信息

  • 表格格式
  • 工作单格式
  • 卡片格式
题名:
列宁文稿
    
 
作者: 列宁 著 ;李洙泗 编
分册: 第十二卷  
出版信息: 北京   人民出版社  1985
页数: 775页
开本: 21cm
丛书名:
单 册:
中图分类: A21
科图分类:
主题词: 列宁著作--文集
电子资源:
ISBN:
000 00652nam0 2200241 45
001 0185000119
005 20050513091803.8
010    @b精装@dCNY5.70
091    @a1001.1222
100    @a19951011d1985 kemy0chiy0121 ea
101 1  @achi@crus
102    @aCN@b110000
105    @ay z 000yy
200 10 @a列宁文稿@Alie ning wen gao@h第十二卷@f列宁著@FLie Ning Zhu@g李洙泗等编
210    @a北京@c人民出版社@d1985
215    @a775页@d21cm
606    @a列宁著作@x文集
690    @aA21@v3
701  0 @a列宁@4著
702  0 @a李洙泗@Ali zhu si@4编
801  0 @aCN@b深圳图书馆@c20031222
801  2 @aCN@bNLC@c20031222
905    @dA21@e2:12@f1@b157813
    
    列宁文稿.第十二卷/列宁著/李洙泗等编.-北京:人民出版社,1985
    775页;21cm
    
    
    ISBN (精装):CNY5.70
    
●
相关链接 在E读中查询图书 在五车中查询图书 在当当中查询图书 在豆瓣中查询图书


正题名:列宁文稿     索取号:A21/2:12         预约/预借

序号 登录号 条形码 馆藏地/架位号 状态 备注
1 0157812   001855308   密集书库/ [索取号:A21/2:12] 在馆    
2 0157813   000949610   第一样本阅览室/ [索取号:A21/2:12] 在馆    
唐山师范学院图书馆 欢迎您!
大连网信软件有限公司© 版权所有